| 000 | 01631nam a2200301Ia 4500 | ||
|---|---|---|---|
| 999 |
_c56572 _d56572 |
||
| 001 | 23686 | ||
| 003 | GE_BSU | ||
| 005 | 20260323142452.0 | ||
| 008 | 181216s2016||||ge |||||||||||||| ||geo|| | ||
| 020 | _a9789941084652 | ||
| 040 | _cGE_BSU | ||
| 041 | _ageo | ||
| 080 | _a579.61(075.8) ჩ-59 | ||
| 100 |
_aჩიკვილაძე, დარეჯან _927135 |
||
| 245 |
_aსამედიცინო მიკრობიოლოგია : _b სახელმღვანელო უმაღლესი სამედიცინო სასწავლებლების სტუდენტებისთვის / _cდარეჯან ჩიკვილაძე, დარეჯან მეტრეველი ; რედ. ირაკლი მჭედლიშვილი. |
||
| 264 |
_aთბილისი : _bთბილისის სახელმწ. სამედიცინო უნ-ტი, _c2016. |
||
| 300 |
_a582 გვ. : _c29 სმ. |
||
| 500 | _a პარალელური სათაური ინგლისურად | ||
| 500 | _aსაგნ. საძ. გვ. 577-581 | ||
| 504 | _a ბიბლიოგრაფია გვ. 582 | ||
| 520 | _aპარალ. სათ. ინგლ. | ||
| 541 | _h15 ლ. | ||
| 653 | _aმედიცინა | ||
| 653 | _aსამედიცინო მიკრობიოლოგია | ||
| 700 |
_aმეტრეველი, დარეჯან _927181 |
||
| 700 |
_aმჭედლიშვილი, ირაკლი _eრედაქტორი _911268 |
||
| 942 |
_cBK _2udc |
||